Определение ретинола пальмитата и токоферола ацетата в липидных микрокапсулах для косметических средств методом ВЭЖХ; Химия и химическая технология в XXI веке; Т. 1

書目詳細資料
Parent link:Химия и химическая технология в XXI веке: материалы XXIV Международной научно-практической конференции студентов и молодых ученых имени выдающихся химиков Л. П. Кулёва и Н. М. Кижнера, посвященной 85-летию со дня рождения профессора А. В. Кравцова, Томск, 15-19 мая 2023 г./ Национальный исследовательский Томский политехнический университет (ТПУ) ; Инженерная школа природных ресурсов ; Инженерная школа новых производственных технологий ; Исследовательская школа химических и биомедицинских технологий ; Инженерная школа ядерных технологий.— , 2023
Т. 1.— 2023.— [С. 371-372]
主要作者: Беспалова Е. А.
企業作者: Национальный исследовательский Томский политехнический университет Инженерная школа природных ресурсов Отделение химической инженерии
其他作者: Дорожко Е. В. Елена Владимировна (научный руководитель)
總結:Заглавие с титульного экрана
語言:俄语
出版: 2023
叢編:Теоретические и прикладные аспекты физической и аналитической химии
主題:
在線閱讀:http://earchive.tpu.ru/handle/11683/76675
格式: 電子 Book Chapter
KOHA link:https://koha.lib.tpu.ru/cgi-bin/koha/opac-detail.pl?biblionumber=635848

MARC

LEADER 00000naa2a2200000 4500
001 635848
005 20231101133901.0
035 |a (RuTPU)RU\TPU\conf\37705 
035 |a RU\TPU\conf\37704 
090 |a 635848 
100 |a 20230620d2023 k y0rusy50 ca 
101 0 |a rus 
102 |a RU 
105 |a y z 101zy 
135 |a drcn ---uucaa 
181 0 |a i  
182 0 |a b 
200 1 |a Определение ретинола пальмитата и токоферола ацетата в липидных микрокапсулах для косметических средств методом ВЭЖХ  |f Е. А. Беспалова  |g науч. рук. Е. В. Дорожко 
203 |a Текст  |c электронный 
225 1 |a Теоретические и прикладные аспекты физической и аналитической химии 
230 |a 1 компьютерный файл (pdf; 1 208 Kb) 
300 |a Заглавие с титульного экрана 
320 |a [Библиогр.: с. 372 (2 назв.)] 
461 1 |0 (RuTPU)RU\TPU\conf\37590  |t Химия и химическая технология в XXI веке  |o материалы XXIV Международной научно-практической конференции студентов и молодых ученых имени выдающихся химиков Л. П. Кулёва и Н. М. Кижнера, посвященной 85-летию со дня рождения профессора А. В. Кравцова, Томск, 15-19 мая 2023 г.  |o в 2 т.  |f Национальный исследовательский Томский политехнический университет (ТПУ) ; Инженерная школа природных ресурсов ; Инженерная школа новых производственных технологий ; Исследовательская школа химических и биомедицинских технологий ; Инженерная школа ядерных технологий  |d 2023 
463 1 |0 (RuTPU)RU\TPU\conf\37591  |t Т. 1  |v [С. 371-372]  |d 2023 
610 1 |a труды учёных ТПУ 
610 1 |a электронный ресурс 
610 1 |a ретинолы 
610 1 |a токоферол ацетат 
610 1 |a ретинол пальмитат 
610 1 |a микрокапсулы 
610 1 |a косметические средства 
610 1 |a витамины 
700 1 |a Беспалова  |b Е. А. 
702 1 |a Дорожко  |b Е. В.  |c химик  |c инженер Томского политехнического университета  |f 1979-  |g Елена Владимировна  |2 stltpush  |4 727 
712 0 2 |a Национальный исследовательский Томский политехнический университет  |b Инженерная школа природных ресурсов  |b Отделение химической инженерии  |h 8085  |2 stltpush  |3 (RuTPU)RU\TPU\col\23513 
801 2 |a RU  |b 63413507  |c 20230731  |g RCR 
856 4 |u http://earchive.tpu.ru/handle/11683/76675 
942 |c BK